000 00911nam a2200265Ia 4500
003 OSt
005 20220918171002.0
006 a|||||r|||| 00| 0
007 ta
008 220917b |||||||| |||| 00| 0 eng d
020 _a9781108473705 (hbk)
_cUKP 75.00
024 _a348,770
037 _b8595, 15/03/2019, Efficient Book Distributors
_cTextual
040 _aARTS
_cARTS
_beng
041 _2eng
_aeng
082 _aY4515.615, Q8
100 _aJohnson Jessica Au.
_932887
245 0 _aSearch of gender justice
_b rights and relationships in matrilineal malawi
260 _aLondon
_bInternational African Institute UK
_c2018
300 _axvi,197p.
_ccm.
490 _aInternational African library
650 _aPROSTITUTION; SOCIOLOGY
_932888
942 _hY4515.615, Q8
_cTEXL
_2CC
999 _c137113
_d137113